kolęda "Ach ubogi żłobie" - uzupełnianka - Statystyki

Ogólne statystyki
  • Ten quiz został rozwiązany 75 razy
  • Średni wynik to 5 z 17
Statystyki odpowiedzi
Tekst zwrotki % Poprawnych
Ach ubogi żłobie, Cóż ja {widzę} w tobie?
99%
Droższy widok niż ma niebo, W {maleńkiej} osobie.
74%
Opuściłeś śliczne niebo, Obrałeś {barłogi}
63%
Obrać {pałacu} drogiego, Nie w tym leżeć żłobie?
47%
{Zbawicielu} drogi, Jakżeś to ubogi,
38%
{Czyżeś} nie mógł Sobie, W największej ozdobie,
25%
Gdy na świat {przybywasz},
22%
Grzechy z niego {zmywasz},
22%
A na zmycie tej {sprośności}, Gorzkie łzy wylewasz.
12%
które Ci {składamy}.
9%
Na twarz {upadamy},
9%
czołem {uderzamy},
7%
witając Cię w tej stajence między {bydlętami}.
7%
Któż tu nie struchleje, wszystek nie {zdrętwieje} ,
6%
któż Cię widząc {płaczącego}, łzą się nie zaleje.
4%
przyjmij serca te {skruszone},
4%
Zmiłuj się nad nami, obmyj z grzechów {łzami},
3%
Nie znaleziono quizów pasujących do podanych kryteriów
Rozkład punktacji
Procent ludzi z każdym wynikiem
Percentyl według liczby udzielonych odpowiedzi
Twoja historia wyników
Nie rozwiązałeś tego quizu